| 000 | 00435cam a22001811 4500 | ||
|---|---|---|---|
| 040 | _cOWoC | ||
| 082 | _a341 HAR 1946 A089 Or. | ||
| 100 | 1 | _aReves, Emery, | |
| 245 | 1 | 4 | _aThe anatomy of peace, |
| 250 | _a8th ed. | ||
| 260 |
_aNew York _aLondon, _bHarper & brothers _c[1946] |
||
| 300 |
_a5 p.l., 293 p. _c19 cm. |
||
| 650 | 0 | _aWar. | |
| 650 | 0 | _aPeace. | |
| 650 | 0 | _aSovereignty. | |
| 650 | 0 | _aWorld War, 1939-1945 | |
| 942 | _cEK | ||
| 999 |
_c16293 _d16293 |
||